Sports Quiz

Random Sports or NBA Quiz

Top 50 NBA Players 2016-2017 Quiz Stats

 Plays Quiz not verified by Sporcle

Challenge
Share
Tweet
Embed
Score 0/50 Timer 10:00
0 Plays Today
Hint Answer % Correct
#1LeBron James
98.7%
#2Kevin Durant
97.2%
#7Stephen Curry
96.2%
#5James Harden
95.9%
#3Anthony Davis
95.7%
#4Russell Westbrook
95.7%
#9Kyrie Irving
92.9%
#6Kawhi Leonard
92.6%
#10Isaiah Thomas
91.9%
#15Draymond Green
91.1%
#26Chris Paul
91.1%
#21Klay Thompson
90.9%
#16Paul George
90.5%
#18John Wall
90.4%
#14Jimmy Butler
89.9%
#23Carmelo Anthony
89.9%
#19Kyle Lowry
89.7%
#12Demar DeRozan
89.5%
#13Damian Lillard
89.3%
#11DeMarcus Cousins
89.2%
#22Blake Griffin
89.1%
#20Kemba Walker
88.8%
#17Karl-Anthony Towns
88.4%
#28Kevin Love
88.2%
#24Gordon Hayward
87%
Hint Answer % Correct
#32DeAndre Jordan
85.7%
#29Marc Gasol
84.7%
#33Devin Booker
84.4%
#34Dwyane Wade
81.6%
#31Bradley Beal
81%
#30Andrew Wiggins
80.8%
#25LaMarcus Aldridge
79.9%
#35Mike Conley
78.7%
#38Hassan Whiteside
77.7%
#37Brook Lopez
77.2%
#8Giannis Antetokounmpo
75.6%
#27C.J. McCollum
75.5%
#43Kristaps Porzingis
74.7%
#44Eric Bledsoe
71.9%
#42Joel Embiid
71.5%
#39Nikola Jokic
71%
#41Rudy Gobert
70.4%
#40Paul Millsap
69.2%
#45Goran Dragic
63.2%
#47Jabari Parker
62.9%
#46Derrick Rose
62.7%
#36Harrison Barnes
55.9%
#49Jeff Teague
42.5%
#50Danilo Gallinari
34.1%
#48Lou Williams
32.1%

You're not logged in!

Compare scores with friends on all Sporcle quizzes.
Join for Free
OR
Log In

You Might Also Like...

Show Comments

Extras

Top Quizzes Today


Score Distribution

Your Account Isn't Verified!

In order to create a playlist on Sporcle, you need to verify the email address you used during registration. Go to your Sporcle Settings to finish the process.

Report this User

Report this user for behavior that violates our Community Guidelines.

Details: